|
|
|
|
| LEADER |
00000nam a2200000 a 4500 |
| 001 |
UCN7110 |
| 003 |
CL-VaPUC |
| 008 |
011012e20010900CL |||||||||||||||||spa|d |
| 082 |
0 |
4 |
|a 070.44
|b MIL
|2 21
|
| 100 |
|
|
|a Millas Correa, Hernán
|e autor
|9 537000
|
| 245 |
1 |
3 |
|a La buena vida y la poca vergüenza
|
| 300 |
|
|
|a 200 p
|
| 942 |
|
|
|c BK
|
| 945 |
|
|
|d 20011012 00:00:00
|a cmena
|
| 260 |
|
|
|a Santiago
|b Planeta
|c 2001
|
| 650 |
|
0 |
|a Crónicas periodísticas
|9 334474
|
| 650 |
|
7 |
|a COSTUMBRES CHILENAS
|2 CL-VaPUC
|9 463035
|
| 650 |
|
7 |
|a POLITICA CHILENA
|2 CL-VaPUC
|9 435961
|
| 650 |
|
0 |
|a Ciencias sociales
|v Investigación
|9 307767
|
| 583 |
|
|
|a last modification
|c 20121104 08:56:23
|k Rodrigo Vera
|
| 999 |
|
|
|c 297628
|d 297626
|
| 952 |
|
|
|0 0
|1 0
|4 0
|6 070_440000000000000_MIL_2001
|7 0
|8 A
|9 352543
|a BIBEDU
|b BIBEDU
|d 2019-11-21
|i 3762815
|o 070.44 MIL 2001
|p 3762815
|r 2019-11-21
|w 2019-11-21
|y BK
|k CUE
|